Cuando se quiebra la rama dorada: estructuralismo o tipología ?

Gespeichert in:
Bibliographische Detailangaben
1. Verfasser: Munz, Peter (autor)
Format: Buch
Sprache:Spanisch
Veröffentlicht: Ciudad de México Fondo de Cultura Económica 1986
Schriftenreihe:Breviarios del Fondo de Cultura Económica, 418
Schlagworte:
Tags: Tag hinzufügen
Keine Tags, Fügen Sie den ersten Tag hinzu!

MARC

LEADER 00000nam a2200000 a 4500
001 UCX2132
003 CL-VaPUC
008 910322e19860000MX |||||||||||||||||spa|d
082 0 4 |a 149.9  |b MUN  |2 21 
100 |a Munz, Peter  |e autor  |9 317947 
245 1 0 |a Cuando se quiebra la rama dorada: estructuralismo o tipología ? 
300 |a 235 p 
942 |c BK 
945 |d 19910322 00:00:00 
260 |a Ciudad de México  |b Fondo de Cultura Económica  |c 1986 
650 7 |a ESTRUCTURALISMO FILOSOFIA  |2 CL-VaPUC  |9 317948 
650 7 |a MITO  |2 CL-VaPUC  |9 269008 
583 |a last modification  |c 19910322 00:00:00  |k Rodrigo Vera 
490 0 |a Breviarios del Fondo de Cultura Económica, 418 
999 |c 223216  |d 223214 
952 |0 0  |1 0  |4 0  |6 149_900000000000000_MUN_1986  |7 0  |8 A  |9 218793  |a BIBHIS  |b BIBHIS  |d 2019-11-15  |i 2876078  |o 149.9 MUN 1986  |p 2876078  |r 2025-01-20  |w 2019-11-15  |y BK  |k HIS